ARRUPE JESUIT UNIVERSITY

CORONAVIRUS -STOP THE SPREAD - CLEAN,DISINFECT,COVER

The Strategy of antelopes (Record no. 5794)

MARC details
000 -LEADER
fixed length control field 00617nam a2200253Ia 4500
003 - CONTROL NUMBER IDENTIFIER
control field 0100
008 - FIXED-LENGTH DATA ELEMENTS--GENERAL INFORMATION
fixed length control field 130227s9999 xx 000 0 und d
020 ## - INTERNATIONAL STANDARD BOOK NUMBER
International Standard Book Number 9781846686863
040 ## - CATALOGING SOURCE
Transcribing agency ARRUPELIB
050 ## - LIBRARY OF CONGRESS CALL NUMBER
Classification number DT450.44.H3713 2009
100 ## - MAIN ENTRY--PERSONAL NAME
Personal name Hatzfeld, Jean
9 (RLIN) 30167
245 #4 - TITLE STATEMENT
Title The Strategy of antelopes
245 ## - TITLE STATEMENT
Remainder of title Living in Rwanda after the Genocide
260 ## - PUBLICATION, DISTRIBUTION, ETC. (IMPRINT)
Name of publisher, distributor, etc Serpent's Tail
Place of publication, distribution, etc London
Date of publication, distribution, etc 2009
300 ## - PHYSICAL DESCRIPTION
Extent 244p
300 ## - PHYSICAL DESCRIPTION
Other physical details 20cm
650 ## - SUBJECT ADDED ENTRY--TOPICAL TERM
Topical term following geographic name as entry element Genocide
Geographic subdivision Africa
9 (RLIN) 30168
650 ## - SUBJECT ADDED ENTRY--TOPICAL TERM
Topical term following geographic name as entry element Rwanda
General subdivision History
-- Civil war
-- Atrocities
Chronological subdivision 1994
9 (RLIN) 30145
650 ## - SUBJECT ADDED ENTRY--TOPICAL TERM
Topical term following geographic name as entry element Rwanda
General subdivision Ethnic relations
9 (RLIN) 30141
650 ## - SUBJECT ADDED ENTRY--TOPICAL TERM
Topical term following geographic name as entry element Rwanda
General subdivision Social conditions
9 (RLIN) 30169
650 ## - SUBJECT ADDED ENTRY--TOPICAL TERM
Topical term following geographic name as entry element Hutu (African people)
General subdivision Interviews
9 (RLIN) 30170
650 ## - SUBJECT ADDED ENTRY--TOPICAL TERM
Topical term following geographic name as entry element Tutsi (African people)
General subdivision Interviews
9 (RLIN) 30171
700 ## - ADDED ENTRY--PERSONAL NAME
Personal name Coverdale, Linda (tr)
9 (RLIN) 30172
942 ## - ADDED ENTRY ELEMENTS (KOHA)
Source of classification or shelving scheme Library of Congress Classification
Item type Monograph ( Printed materials)
Holdings
Withdrawn status Lost status Source of classification or shelving scheme Damaged status Not for loan Collection code Home library Current library Shelving location Date acquired Total Checkouts Full call number Barcode Date last seen Copy number Price effective from Koha item type
    Library of Congress Classification     Main Collection ARRUPE LIBRARY ARRUPE LIBRARY   27/02/2013   DT450.44.H3713 2009 46407852 07/12/2017 1 27/02/2013 Monograph ( Printed materials)

 

Arrupe Library. PO Box MP320 Mt Pleasant, Harare, Zimbabwe
263 242 745411|librarian@aju.ac.zw